| 000 | 04939ngm a2200901Ia 4500 | ||
|---|---|---|---|
| 001 | ocm54705824 | ||
| 003 | OCoLC | ||
| 005 | 20200320181733.0 | ||
| 006 | j n | ||
| 007 | vd cvaizq | ||
| 007 | sd fsngnn|||eu | ||
| 008 | 040316p20042003xxu180 g vleng d | ||
| 019 | _a54387372 | ||
| 020 | _c17.95 | ||
| 024 | 1 | _a707729144199 | |
| 028 | 4 | 2 |
_a14419 _bHallmark Home Entertainment |
| 028 | 4 | 0 |
_a14420 _bHallmark Home Entertainment |
| 028 | 0 | 2 |
_a302 066 528 2 _bVarese Sarabande |
| 035 |
_a(OCoLC)54705824 _z(OCoLC)54387372 |
||
| 040 |
_aJFN _cJFN _dTEF _dOCLCQ _dOCL _dIBS _dVP@ _dBTCTA _dWACOL |
||
| 043 | _an-us-sd | ||
| 049 | _aWACL | ||
| 050 | 4 |
_aPN1997 _b.D75 2003 |
|
| 082 | 0 | 4 |
_a791.43/72 _222 |
| 092 |
_aDVD _bDre |
||
| 245 | 0 | 0 |
_aDreamkeeper _h[videorecording] / _c[Hallmark Entertainment ; Sextant Entertainment Group] ; produced in association with RTL Television Germany ; directed by Steven Barron ; written by John Fusco ; produced by Matthew O'Connor, Ron McLeod. |
| 260 |
_a[United States] : _bHallmark Home Entertainment, _c[2004] |
||
| 300 |
_a1 videodisc (ca. 180 min.) : _bsd., col. ; _c4 3/4 in. + _e1 sound disc (4 3/4 in.) |
||
| 538 | _aDVD. | ||
| 546 | _aClosed-captioned. | ||
| 511 | 1 | _aAugust Schellenberg, Eddie Spears, Gil Birmingham, Sheila Tousey, Nathan Chasing Horse, Chaske Spencer, Gloria Eshkibok, Kimberly Norris Guerrero, Sean Wei Mah. | |
| 508 | _aDirector of photography, Jon Joffin ; art director, Bill Ives, Andrew Moreau ; editor, Colin Green ; music, Stephen Warbeck ; costume designer, Mario Davignon ; production designer, Ken Rempel ; visual effects supervisor, Nicholas Brooks. | ||
| 500 | _aOriginally broadcast on television in 2003. | ||
| 500 | _aRegion 1, full screen presentation; Dolby Digital 5.1 or 2.0. | ||
| 521 | 8 | _aMPAA rating: Not rated. | |
| 520 | _aA Lakota storyteller and his grandson, a troubled 17-year-old boy, embark on a cross-country journey toward self-discovery. The grandson agrees to take his grandfather from Pine Ridge Reservation in S.D. to a powwow in Santa Fe in order to escape from some trouble with the local gang. Interwoven with the journey of the grandfather and grandson are retellings of Native American legends . | ||
| 505 | 0 | 0 |
_gAccompanying CD soundtrack (54 min.): _tEagle boy _r(featuring David Midthunder & Maza Kute) -- _tThe journey -- _tBluebird woman ; _tHigh Horse captures the ponies _r(featuring Tokala Clifford) -- _tShe crosses the water _r(featuring Iris Stacey & the Sweetgrass Singers) -- _tPlea for brother -- _tTehan -- _tThe elk -- _tThe serpent -- _tRiding to the rainbow -- _tThe dun pony -- _tKilling the buffalo -- _tResurrection of the dun pony -- _tQuillwork girl's journey _r(featuring the Dorene Day Singers) -- _tBuffalo to the stars -- _tBirth of the falls -- _tDaughter climbs the mountain -- _tFather's ghost -- _tThree generations -- _tDeath of grandfather -- _tShane's journey -- _tPowwow chant _r(featuring Maza Kute) -- _tThe end of the story -- _tStraight round dance song _r(featuring the Boyz). |
| 500 | _aSpecial features include: Making of Dreamkeeper; Native American history and facts; Hallmark trailer gallery. | ||
| 650 | 0 |
_aGrandfathers _vDrama. _95766735 |
|
| 650 | 0 |
_aTeenage boys _vDrama. _95729102 |
|
| 650 | 0 |
_aTeton Indians _vDrama. _95837626 |
|
| 650 | 0 |
_aLegends _zNorth America _vDrama. _95837627 |
|
| 650 | 0 |
_aIndians of North America _vFolklore _vDrama. _95837628 |
|
| 655 | 0 |
_aTelevision mini-series. _95837629 |
|
| 655 | 0 |
_aFeature films. _95837630 |
|
| 655 | 0 |
_aVideo recordings for the hearing impaired. _95837631 |
|
| 650 | 0 |
_aTelevision music _vExcerpts. _95837632 |
|
| 650 | 0 |
_aNew Age music. _994932 |
|
| 700 | 1 |
_aBarron, Steven. _972313 |
|
| 700 | 1 |
_aFusco, John. _949580 |
|
| 700 | 1 |
_aO'Conner, Matthew. _95837633 |
|
| 700 | 1 |
_aMcLeod, Ron. _972312 |
|
| 700 | 1 |
_aSchellenberg, August. _963019 |
|
| 700 | 1 |
_aSpears, Eddie. _972314 |
|
| 700 | 1 |
_aBirmingham, Gil. _972315 |
|
| 700 | 1 |
_aTousey, Sheila. _968739 |
|
| 700 | 1 |
_aHorse, Nathan Chasing. _972316 |
|
| 700 | 1 |
_aSpencer, Chaske. _972317 |
|
| 700 | 1 |
_aEshkibok, Gloria. _972318 |
|
| 700 | 1 |
_aGuerrero, Kimberly Norris. _972319 |
|
| 700 | 1 |
_aMah, Sean Wei. _972320 |
|
| 700 | 1 |
_aJoffin, Jon. _972321 |
|
| 700 | 1 |
_aIves, Bill. _95837634 |
|
| 700 | 1 |
_aMoreau, Andrew. _972322 |
|
| 700 | 1 |
_aGreen, Colin. _96058 |
|
| 700 | 1 |
_aWarbeck, Stephen. _965721 |
|
| 700 | 1 |
_aDavignon, Mario. _972323 |
|
| 700 | 1 |
_aRempel, Ken. _972324 |
|
| 710 | 2 |
_aHallmark Entertainment (Firm) _964960 |
|
| 710 | 2 |
_aSextant Entertainment Group. _95837635 |
|
| 710 | 2 |
_aRTL-Télévision. _928709 |
|
| 710 | 2 |
_aArtisan Home Entertainment (Firm) _966011 |
|
| 938 |
_aBaker and Taylor _bBTCP _nbe2004002627 |
||
| 942 |
_cDVD _0125 |
||
| 948 |
_a05/16/2007 _zSirsi |
||
| 994 |
_a02 _bWACOL |
||
| 996 |
_a55607 _b34301000598351 _cDVD _dDVD _ewcl _fi _g125 _h17.95 _i.CIRCNOTE. 2 discs _lAmazon.com _mDre _p05/16/2007 _q09/18/2019 _r09/11/2019 |
||
| 999 |
_c264775 _d264775 |
||